| 000 | 00596nam a2200181 i 4500 | ||
|---|---|---|---|
| 001 | 100085 | ||
| 003 | ES-MaACL | ||
| 005 | 20250915063043.0 | ||
| 007 | t| | ||
| 008 | 050921s1986 sp ||||1| spa d | ||
| 100 | 1 |
_aMartínez Val, José María, _d1916- _978455 |
|
| 245 | 1 | 3 |
_aEl Poder Judicial ante el Tribunal Constitucional / _cpor José Mª Martínez Val. |
| 260 |
_aValencia : _b[s.n.], _c1986. |
||
| 300 |
_a9 h. ; _c24 cm. |
||
| 500 | _aSeparata de: Revista General de Derecho, 1986, nº. 502-503, p. 3077-3092. | ||
| 852 |
_aES-MaACL _j2142-F-11 _bR.114691 |
||
| 999 |
_c100085 _d100085 |
||